| 000 | 00394pab a2200157 454500 | ||
|---|---|---|---|
| 008 | 180718b2012 xxu||||| |||| 00| 0 eng d | ||
| 100 | _aTiwari, B.K. | ||
| 245 | _aSpeedy trial is a fundamental rights | ||
| 260 | _c2012 | ||
| 300 | _ap.39-43. | ||
| 362 | _aJul-Dec | ||
| 650 | _aLegal procedure | ||
| 773 | _aSouth Asian Journal of Socio-Political Studies | ||
| 908 | _aN | ||
| 909 | _a98782 | ||
| 999 |
_c98781 _d98781 |
||